Merceología, productos inorgánicos /

Guardado en:
Autor Principal: Giménez, Pedro R.
Formato: Libro
Publicado: Argentina : Ciordia & Rodr¡guez, 1962
Edición:11
Materias:
Etiquetas: Agregar Etiqueta
Sin Etiquetas, Sea el primero en etiquetar este registro!
LEADER 00726nam a22002055a 4500
001 CEM.cems002905
005 19000101000000.0
008 130507s1962##################000#0#####d
003 CEMS
082 0 4 |a 660.1 
100 1 |a Giménez, Pedro R. 
245 1 0 |a Merceología, productos inorgánicos /  |c Pedro R. Giménez 
250 |a 11 
260 |a Argentina :  |b Ciordia & Rodr¡guez,  |c 1962 
300 |a 264 p. 
653 |a Merceologia 
859 |a CEMS  |b BIB. CEMS - 11 de abril  |h 660.1  |i G429a11/I  |p 1529.74  |t Ej.2 
859 |a CEMS  |b BIB. CEMS - 11 de abril  |h 660.1  |i G429a11/I  |p 1530.74  |t Ej.3 
859 |a CEMS  |b BIB. CEMS - 11 de abril  |h 660.1  |i G429a11/I  |p 1534.74  |t Ej.1 
859 |a CEMS  |b BIB. CEMS - 11 de abril  |h 660.1  |i G429a11/I  |p 1578.74  |t Ej.4